000 00730nam a22002292 4500
001 0000005056
005 20151217145822.0
008 070606s xx 000 0 eng d
020 _a8120319478 :
_cKES 450
040 _aKABU
_cKABU
050 0 _aQA76.3
_b.M53 2001
110 2 _aMicrosoft Corporation.
_@0000019230
245 1 3 _aA+ certification training kit.
250 _a3rd ed.
260 _aNew Delhi :
_bPrentice Hall of India,
_c2001.
300 _axxxi, 710 p.
650 0 _aElectronic data processing personnel
_xCertification.
_@0000154258
650 0 _aComputer technicians
_xCertification
_xStudy guide.
_@0000156122
908 _a070606
950 _@1
999 _c2898
_d2898